|
|
|
|
| LEADER |
01563nam a2200361 a 4500 |
| 001 |
3981 |
| 003 |
BD-DhAAL |
| 005 |
20150514101452.0 |
| 008 |
941201s1995 cau b 001 0 eng |
| 010 |
|
|
|a 94047966
|
| 020 |
|
|
|a 0787900745 (acidfree)
|
| 040 |
|
|
|a DLC
|c DLC
|d DLC
|d BD-DhAAL
|
| 050 |
0 |
0 |
|a LC1037.5
|b .P375 1995
|
| 082 |
0 |
0 |
|a 370.11/3/0973
|2 20
|
| 100 |
1 |
|
|a Pauly, Edward.
|9 11020
|
| 240 |
1 |
0 |
|a Home-grown lessons
|
| 245 |
1 |
0 |
|a Homegrown lessons :
|b innovative programs linking school and work /
|c Edward Pauly, Hilary Kopp, Joshua Haimson.
|
| 250 |
|
|
|a 1st ed.
|
| 260 |
|
|
|a San Francisco :
|b Jossey-Bass Publishers,
|c c1995.
|
| 300 |
|
|
|a xxv, 331 p. ;
|c 24 cm.
|
| 490 |
|
|
|a The Jossey-Bass education series
|
| 500 |
|
|
|a Previously published as: Home-grown lessons.
|
| 504 |
|
|
|a Includes bibliographical references (p. 319-326) and index.
|
| 541 |
|
|
|e 3981
|
| 650 |
|
0 |
|a Career education
|z United States
|x Case studies.
|9 11021
|
| 650 |
|
0 |
|a School-to-work transition
|z United States
|x Case studies.
|9 11022
|
| 650 |
|
0 |
|a Practicums
|z United States
|x Case studies.
|9 11023
|
| 700 |
1 |
|
|a Kopp, Hilary.
|9 11024
|
| 700 |
1 |
|
|a Haimson, Joshua.
|9 11025
|
| 942 |
|
|
|2 ddc
|c BK
|
| 999 |
|
|
|c 34410
|d 34410
|
| 952 |
|
|
|0 0
|1 0
|2 ddc
|4 0
|6 370_113097300000000_PAU
|7 0
|9 53722
|a SCL
|b SCL
|c GEN
|d 2015-05-14
|e Gift: The Asia Foundation
|l 0
|o 370.1130973 PAU
|p 3020003981
|r 2015-05-14
|t 1
|w 2015-05-14
|y BK
|
| 952 |
|
|
|0 0
|1 0
|2 ddc
|4 0
|6 370_113097300000000_PAU
|7 0
|9 53736
|a SCL
|b SCL
|c GEN
|d 2015-05-14
|e Gift: The Asia Foundation
|l 0
|o 370.1130973 PAU
|p 3020003967
|r 2015-05-14
|t 2
|w 2015-05-14
|y BK
|